[Event "Ile et Vilaine op"]
[Site "Rennes"]
[Date "2011.06.11"]
[Round "1"]
[White "Stievenard, Hugo"]
[Black "Prioul, Jean"]
[Result "1/2-1/2"]
[WhiteElo "1720"]
[BlackElo "1905"]
[PlyCount "153"]
[EventDate "2011.06.11"]
[EventType "swiss"]
[EventRounds "7"]
[EventCountry "FRA"]
[SourceTitle "EXT 2012"]
[Source "ChessBase"]
[SourceDate "2011.11.24"]
[SourceVersion "1"]
[SourceVersionDate "2011.11.24"]
[SourceQuality "1"]

1. e4 d6 2. d4 g6 3. Nc3 Bg7 4. Be3 a6 5. Qd2 b5 6. g3 Bb7 7. Bg2 Nd7 8. Nge2 Nb6 9. b3 b4 10. Nd1 c5 11. Rb1 Qc7 12. c3 Nf6 13. cxb4 Bxe4 14. Bxe4 Nxe4 15. Qc2 Qb7 16. bxc5 Nxc5 17. 0-0 Ne6 18. Qd2 0-0 19. Ndc3 Rfc8 20. Rbc1 h5 21. Qd3 Nc7 22. Bg5 Ncd5 23. Nxd5 Nxd5 24. Qe4 e6 25. Nc3 Kf8 26. Nxd5 Qxd5 27. Qxd5 exd5 28. Be3 Ke7 29. Rfd1 Kd7 30. Kf1 a5 31. Ke2 a4 32. b4 Rc4 33. a3 Rac8 34. Kd3 Ke6 35. f3 Kd7 36. Re1 R8c7 37. g4 hxg4 38. fxg4 Kc8 39. Rf1 Kb7 40. Rxc4 dxc4+ 41. Kc3 d5 42. Rf3 f6 43. h4 Re7 44. g5 f5 45. Bf2 Re2 46. Re3 Bxd4+ 47. Kxd4 Rd2+ 48. Kc3 Rxf2 49. Re6 Rf3+ 50. Kb2 Rb3+ 51. Kc2 Rxa3 52. Rxg6 Rh3 53. Rf6 Rxh4 54. Rxf5 Kc6 55. b5+ Kxb5 56. Rxd5+ Kb4 57. g6 Rg4 58. Rd6 Rg2+ 59. Kb1 Kc3 60. Rf6 a3 61. Rf3+ Kb4 62. Rf6 a2+ 63. Ka1 Kb3 64. Rb6+ Kc3 65. Rf6 Kc2 66. Kxa2 c3 67. Rd6 Kc1+ 68. Ka1 c2 69. Ka2 Rg3 70. Rf6 Rg2 71. Rd6 Rg5 72. Ra6 Rg4 73. Rc6 Rg5 74. Ra6 Kd1 75. Rd6+ Kc1 76. Ra6 Kd1 77. Rd6+ 1/2-1/2